000 01454cam a2200301 a 4500
999 _c5446
_d5446
001 4000278
003 GBCCL
005 20241126110542.0
008 960919s1996 mnu j 000 0 eng
010 _a 96045770
020 _a0896935175
040 _aDLC
_cDLC
_dDLC
042 _alcac
050 0 0 _aBV4531.2
_b.M94 1996
082 0 0 _a248.83
_221
_bMYE
100 1 _aMyers, Bill,
_d1953-
_92798
245 1 0 _aHot topics, tough questions /
_cBill Myers.
260 _aCanada :
_bVictor books,
_cc1987.
300 _a158p. ;
_c18 cm.
505 0 _aHow do I find God's will? -- What is God really like? -- Why do good people suffer? -- Sex: if you love someone, why not? -- Is there a heaven? -- How can I make God more real in my life? -- Is hell for real? -- The media: are we really what we eat? -- Death and suicide -- How can I raise happy parents? -- What about all this occult stuff? -- How come we're so right? -- What's all this new age stuff? -- Wrapping up.
650 0 _aYouth
_xReligious life
_xJuvenile literature.
_95856
650 0 _aChristian life
_xJuvenile literature.
_99794
650 1 _aChristian life.
_9183
650 1 _aConduct of life.
_9524
906 _a7
_bcbc
_corignew
_d1
_eocip
_f19
_gy-gencatlg
942 _2ddc
_cBK
_04